=LDR 00000nam 2200000 4500 =001 NUTBA000000000000819 =005 20140402144131.0 =006 =007 =008 =020 ##$$a 978-979-448-810-2 =035 ##$$0010-041400000000089 =040 ##$$a Ind =082 ##$$a 618.1 =090 ##$$a 618.1$bNor d =100 ##$$a Norman f. gant =245 ##$$a Dasar-dasar ginekologi dan obstetri$cNorman f gant =260 ##$$a Jakarta$bEgc$c2011. =300 ##$$a X,541 Hlm$bIlus$c28 cm. =850 ##$$a NBPNMAT =990 ##$$a 21301619 =990 ##$$a 92486/BPAP-NTB/2014 =990 ##$$a 93012/BPAP-NTB/2014 =990 ##$$a 93317/BPAP-NTB/2014 =990 ##$$a 0001/BPAP-NTB/2016